[Event "TUR-chT 2nd League"]
[Site "Konya"]
[Date "2019.07.28"]
[Round "9.15"]
[White "Rzayev, Bahruz Iqbal Oglu"]
[Black "Deniz, Medeni"]
[Result "1/2-1/2"]
[WhiteElo "2340"]
[BlackElo "1962"]
[PlyCount "111"]
[EventDate "2019.07.22"]
[EventType "team-swiss"]
[EventRounds "9"]
[EventCountry "TUR"]
[SourceTitle "CBM 191 Extra"]
[Source "ChessBase"]
[SourceDate "2019.09.30"]
[SourceVersion "1"]
[SourceVersionDate "2019.09.30"]
[SourceQuality "1"]
[WhiteTeam "Kahramanmaras Ustad"]
[BlackTeam "Corum Belediye"]
[WhiteTeamCountry "TUR"]
[BlackTeamCountry "TUR"]

1. e4 c5 2. Nf3 Nc6 3. Bb5 Nf6 4. e5 Nd5 5. Nc3 Nc7 6. Bxc6 dxc6 7. h3 Bf5 8. d3 e6 9. Bg5 f6 10. Bh4 Be7 11. g4 Bg6 12. Qe2 Qd7 13. 0-0-0 b5 14. exf6 gxf6 15. g5 f5 16. Bg3 Bh5 17. Be5 Rf8 18. Bxc7 Qxc7 19. Qe3 Bxf3 20. Qxf3 Bxg5+ 21. Kb1 0-0-0 22. Rhe1 Rde8 23. Re2 Bf6 24. Rde1 Qd6 25. Nd1 Kd7 26. Ne3 Qd4 27. c3 Qxd3+ 28. Kc1 Qe4 29. Qxe4 fxe4 30. Ng4 h5 31. Rd2+ Ke7 32. Nxf6 Rxf6 33. Rxe4 Ref8 34. Rde2 Kd7 35. f4 c4 36. Kd2 Rg8 37. Rd4+ Ke7 38. Rde4 Rd8+ 39. Kc2 Rd5 40. Rg2 a5 41. Rg7+ Kd6 42. a4 Rdf5 43. Rd4+ Kc5 44. axb5 cxb5 45. Rc7+ Kb6 46. Re7 Rxf4 47. Rxf4 Rxf4 48. Rxe6+ Kc7 49. Re3 b4 50. cxb4 axb4 51. Rg3 Rf2+ 52. Kc1 Kb6 53. Rg6+ Kb5 54. b3 Rf1+ 55. Kc2 Rf2+ 56. Kc1 1/2-1/2

[Event "TUR-chT 2nd League"]
[Site "Konya"]
[Date "2019.07.25"]
[Round "6.14"]
[White "Unal, Osman"]
[Black "Deniz, Medeni"]
[Result "1/2-1/2"]
[WhiteElo "1860"]
[BlackElo "1962"]
[PlyCount "60"]
[EventDate "2019.07.22"]
[EventType "team-swiss"]
[EventRounds "9"]
[EventCountry "TUR"]
[SourceTitle "CBM 191 Extra"]
[Source "ChessBase"]
[SourceDate "2019.09.30"]
[SourceVersion "1"]
[SourceVersionDate "2019.09.30"]
[SourceQuality "1"]
[WhiteTeam "Gulbahcesi Egitim"]
[BlackTeam "Corum Belediye"]
[WhiteTeamCountry "TUR"]
[BlackTeamCountry "TUR"]

1. e4 Nf6 2. Nc3 d5 3. exd5 Nxd5 4. Bc4 Be6 5. Qf3 c6 6. Nge2 Nc7 7. Bd3 Nd7 8. Qe3 Nf6 9. Nf4 Nfd5 10. Ncxd5 Bxd5 11. c4 Be6 12. b3 Qd7 13. Bb2 Bf5 14. Be2 e6 15. 0-0 0-0-0 16. d4 Kb8 17. Rac1 Be7 18. Rfd1 Bg5 19. d5 exd5 20. cxd5 Nxd5 21. Qe5+ Ka8 22. Nxd5 cxd5 23. Rc7 Qe6 24. Qxe6 Bxe6 25. Bxg7 Rc8 26. Bxh8 Rxc7 27. Bd3 h5 28. Be5 Rc1 29. Rxc1 Bxc1 30. h3 b6 1/2-1/2

[Event "TUR-chT 2nd League"]
[Site "Konya"]
[Date "2018.07.22"]
[Round "9.9"]
[White "Deniz, Medeni"]
[Black "Rzayev, Askar Aliakbar"]
[Result "1/2-1/2"]
[WhiteElo "1959"]
[BlackElo "2051"]
[PlyCount "160"]
[EventDate "2018.07.16"]
[EventType "team-swiss"]
[EventRounds "9"]
[EventCountry "TUR"]
[SourceTitle "EXT 2019"]
[Source "ChessBase"]
[SourceDate "2018.10.10"]
[SourceVersion "1"]
[SourceVersionDate "2018.10.10"]
[SourceQuality "1"]
[WhiteTeam "Corum Belediye"]
[BlackTeam "Karaman Yunus Ortaokulu"]
[WhiteTeamCountry "TUR"]
[BlackTeamCountry "TUR"]

1. d4 Nf6 2. Nf3 e6 3. g3 c5 4. Bg2 d5 5. 0-0 Nc6 6. b3 cxd4 7. Nxd4 Bc5 8. Bb2 0-0 9. c4 Qb6 10. Nxc6 bxc6 11. Bxf6 gxf6 12. Nc3 Be7 13. cxd5 cxd5 14. e4 d4 15. Na4 Qd8 16. e5 Rb8 17. exf6 Bxf6 18. Nc5 Qa5 19. Rc1 Rb5 20. Ne4 Bg7 21. a4 Rb8 22. Rc5 Qd8 23. Qh5 f5 24. Rfc1 fxe4 25. Bxe4 Rf5 26. Bxf5 exf5 27. Rc7 Be6 28. Rxa7 Qe8 29. Qg5 Qg6 30. Qf4 Rd8 31. Rcc7 Bf6 32. Rc6 Bxb3 33. Raa6 Rf8 34. Rxf6 Rxf6 35. Rxf6 Qxf6 36. Qb8+ Kg7 37. Qxb3 Qe5 38. Qd1 Kg6 39. a5 Qxa5 40. Qxd4 Qa6 41. h4 h6 42. Qf4 Qd3 43. Kh2 Qd5 44. Qe3 Qc6 45. Qe7 Qf3 46. Qe6+ Kg7 47. Qb6 Qg4 48. Qc6 h5 49. Kg2 Qd4 50. Qf3 Kg6 51. Qe3 Qf6 52. Kh2 Qf7 53. Qb6+ Kh7 54. Qc6 Qe7 55. Kg2 Kg7 56. Kf3 Qe5 57. Qd7+ Kg6 58. Qd3 Qc7 59. Qd5 Qc3+ 60. Ke2 Qc2+ 61. Kf1 Qc8 62. Qd6+ Kh7 63. Qe7+ Kh8 64. Qf6+ Kh7 65. Kg2 Qa8+ 66. Kh2 Qf3 67. Qe7+ Kg8 68. Qe3 Qg4 69. f3 Qg6 70. Qg5 Kf7 71. Qxg6+ Kxg6 72. Kg2 Kf6 73. Kf2 Ke6 74. Ke2 Kd6 75. Kd2 Ke6 76. Kc3 Ke5 77. Kd2 Kd6 78. Kd1 Ke6 79. Kc2 Kd6 80. Kb3 Kd5 1/2-1/2

[Event "TUR-chT 2nd League"]
[Site "Konya"]
[Date "2018.07.21"]
[Round "8.5"]
[White "Ibrahimova, Sabina Oqtay"]
[Black "Deniz, Medeni"]
[Result "1/2-1/2"]
[WhiteElo "2190"]
[BlackElo "1959"]
[PlyCount "75"]
[EventDate "2018.07.16"]
[EventType "team-swiss"]
[EventRounds "9"]
[EventCountry "TUR"]
[SourceTitle "EXT 2019"]
[Source "ChessBase"]
[SourceDate "2018.10.10"]
[SourceVersion "1"]
[SourceVersionDate "2018.10.10"]
[SourceQuality "1"]
[WhiteTeam "Koroglu Dernegi"]
[BlackTeam "Corum Belediye"]
[WhiteTeamCountry "TUR"]
[BlackTeamCountry "TUR"]

1. e4 e5 2. Nf3 Nf6 3. Nxe5 d6 4. Nf3 Nxe4 5. Nc3 Nxc3 6. dxc3 Be7 7. Bf4 Nc6 8. h3 Be6 9. Qd2 a6 10. 0-0-0 h6 11. Kb1 Qd7 12. Bd3 0-0-0 13. Rhe1 Rhe8 14. Bf1 g5 15. Bh2 f5 16. Nd4 Nxd4 17. cxd4 f4 18. d5 Bf5 19. Qc3 Bf8 20. f3 Bg7 21. Qd2 Rxe1 22. Rxe1 Re8 23. Bg1 Qf7 24. Rd1 Qf6 25. Qb4 a5 26. Qa3 h5 27. Kc1 b6 28. Qb3 g4 29. Bd4 Qxd4 30. Rxd4 Bxd4 31. Qa4 Be3+ 32. Kd1 Re5 33. Qc6 gxh3 34. gxh3 Kb8 35. Ba6 Bc8 36. Bxc8 Kxc8 37. Qa8+ Kd7 38. Qc6+ 1/2-1/2

[Event "TUR-chT 2nd League"]
[Site "Konya"]
[Date "2018.07.17"]
[Round "3.10"]
[White "Deniz, Medeni"]
[Black "Pantev, Veselin"]
[Result "0-1"]
[WhiteElo "1959"]
[BlackElo "2393"]
[PlyCount "44"]
[EventDate "2018.07.16"]
[EventType "team-swiss"]
[EventRounds "9"]
[EventCountry "TUR"]
[SourceTitle "EXT 2019"]
[Source "ChessBase"]
[SourceDate "2018.10.10"]
[SourceVersion "1"]
[SourceVersionDate "2018.10.10"]
[SourceQuality "1"]
[WhiteTeam "Corum Belediye"]
[BlackTeam "Kocaeli Buyuksehir Belediyesi"]
[WhiteTeamCountry "TUR"]
[BlackTeamCountry "TUR"]

1. Nf3 Nf6 2. d4 e6 3. a3 b6 4. Ra2 Bb7 5. e3 Be7 6. b3 0-0 7. Bb2 d6 8. Be2 Nbd7 9. 0-0 Ne4 10. Nfd2 Nxd2 11. Nxd2 f5 12. c4 Nf6 13. f4 a5 14. Nf3 Qd7 15. Bc3 Ne4 16. Be1 Bf6 17. Rc2 Qe7 18. a4 Rad8 19. Bd3 g6 20. Bf2 e5 21. Qe1 Nxf2 22. Bxf5 gxf5 0-1

[Event "TUR-chT 2nd League"]
[Site "Konya"]
[Date "2017.07.19"]
[Round "4.11"]
[White "Deniz, Medeni"]
[Black "Kuseyri, Mehmet Ali"]
[Result "1/2-1/2"]
[WhiteElo "1915"]
[BlackElo "2017"]
[PlyCount "59"]
[EventDate "2017.07.17"]
[EventType "team-swiss"]
[EventRounds "9"]
[EventCountry "TUR"]
[SourceTitle "CBM 179 Extra"]
[Source "ChessBase"]
[SourceDate "2017.08.23"]
[SourceVersion "1"]
[SourceVersionDate "2017.08.23"]
[SourceQuality "1"]
[WhiteTeam "Corum Belediye"]
[BlackTeam "Istanbul Sisli"]
[WhiteTeamCountry "TUR"]
[BlackTeamCountry "TUR"]

1. Nf3 d5 2. e3 Nf6 3. a3 Bf5 4. d4 e6 5. Bd3 Bxd3 6. Qxd3 Nbd7 7. Nbd2 Be7 8. 0-0 0-0 9. e4 dxe4 10. Nxe4 c5 11. Be3 Qc7 12. Nxf6+ Nxf6 13. dxc5 Bxc5 14. Bxc5 Qxc5 15. b4 Qc7 16. c4 Rfd8 17. Qe2 Rd7 18. Rfd1 Rad8 19. Rxd7 Qxd7 20. h3 h6 21. Re1 Qd3 22. Qxd3 Rxd3 23. Re3 Rd1+ 24. Re1 Rd3 25. Re3 Rd1+ 26. Re1 Rd3 27. Re3 Rd1+ 28. Re1 Rd3 29. Re3 Rd1+ 30. Re1 1/2-1/2

[Event "TUR-chT 2nd League"]
[Site "Konya"]
[Date "2017.07.18"]
[Round "3.16"]
[White "Aligil, Fadli"]
[Black "Deniz, Medeni"]
[Result "0-1"]
[WhiteElo "1814"]
[BlackElo "1915"]
[PlyCount "66"]
[EventDate "2017.07.17"]
[EventType "team-swiss"]
[EventRounds "9"]
[EventCountry "TUR"]
[SourceTitle "CBM 179 Extra"]
[Source "ChessBase"]
[SourceDate "2017.08.23"]
[SourceVersion "1"]
[SourceVersionDate "2017.08.23"]
[SourceQuality "1"]
[WhiteTeam "Antalya Deniz Genclik"]
[BlackTeam "Corum Belediye"]
[WhiteTeamCountry "TUR"]
[BlackTeamCountry "TUR"]

1. e4 Nf6 2. e5 Nd5 3. d4 d6 4. c4 Nb6 5. exd6 exd6 6. Nc3 Be7 7. Bd3 Nc6 8. Be3 0-0 9. h3 Re8 10. Nge2 Nb4 11. 0-0 Nxd3 12. Qxd3 g6 13. b3 Bf5 14. Qd2 d5 15. c5 Nc8 16. g4 Be6 17. Nf4 Bf6 18. Nce2 Bg7 19. Nxe6 Rxe6 20. Nf4 Re8 21. Kg2 Ne7 22. b4 Qd7 23. f3 Nc6 24. b5 Nd8 25. Rfe1 Ne6 26. Nxe6 Rxe6 27. a4 a6 28. Qb4 axb5 29. axb5 Rxa1 30. Rxa1 Rxe3 31. Ra8+ Re8 32. c6 bxc6 33. bxc6 Qxc6 0-1

[Event "TUR-chT 2nd League"]
[Site "Konya"]
[Date "2017.07.17"]
[Round "1.5"]
[White "Lomsadze, David"]
[Black "Deniz, Medeni"]
[Result "1-0"]
[WhiteElo "2335"]
[BlackElo "1915"]
[PlyCount "83"]
[EventDate "2017.07.17"]
[EventType "team-swiss"]
[EventRounds "9"]
[EventCountry "TUR"]
[SourceTitle "CBM 179 Extra"]
[Source "ChessBase"]
[SourceDate "2017.08.23"]
[SourceVersion "1"]
[SourceVersionDate "2017.08.23"]
[SourceQuality "1"]
[WhiteTeam "Mugla Ortaca Belediye"]
[BlackTeam "Corum Belediye"]
[WhiteTeamCountry "TUR"]
[BlackTeamCountry "TUR"]

1. Nf3 Nf6 2. g3 c5 3. Bg2 Nc6 4. 0-0 g6 5. d3 Bg7 6. Nc3 0-0 7. a3 d6 8. Rb1 Bd7 9. Bd2 Rb8 10. b4 b6 11. e4 Ne8 12. Ne2 Nc7 13. c3 Qc8 14. Ne1 Bh3 15. b5 Bxg2 16. Kxg2 Nd8 17. Nc2 a6 18. a4 d5 19. Ne3 dxe4 20. dxe4 axb5 21. axb5 Nde6 22. Nd5 Nxd5 23. exd5 Qb7 24. c4 Nd4 25. Nxd4 cxd4 26. Qf3 e6 27. Bb4 Rfd8 28. Rfc1 e5 29. g4 Rbc8 30. Re1 Qd7 31. g5 h6 32. h4 Ra8 33. Qh3 Qxh3+ 34. Kxh3 f5 35. gxf6 Bxf6 36. f4 exf4 37. Re6 Kf7 38. Kg4 Ra4 39. Bd2 Ra2 40. Bxf4 h5+ 41. Kf3 Rh8 42. Bd6 1-0

[Event "Corum op"]
[Site "Corum"]
[Date "2016.05.26"]
[Round "6"]
[White "Bagaturov, Giorgi"]
[Black "Deniz, Medeni"]
[Result "1-0"]
[WhiteElo "2412"]
[BlackElo "1910"]
[PlyCount "79"]
[EventDate "2016.05.23"]
[EventType "swiss"]
[EventRounds "9"]
[EventCountry "TUR"]
[SourceTitle "CBM 172 Extra"]
[Source "ChessBase"]
[SourceDate "2016.06.21"]
[SourceVersion "1"]
[SourceVersionDate "2016.06.21"]
[SourceQuality "1"]

1. d4 Nf6 2. Nf3 d5 3. c4 c6 4. Nc3 a6 5. e3 e6 6. a3 Bd6 7. Bd3 Nbd7 8. e4 dxe4 9. Nxe4 Nxe4 10. Bxe4 Nf6 11. Bc2 c5 12. 0-0 cxd4 13. Qxd4 Be7 14. Qe5 Qd6 15. Qe2 Bd7 16. Rd1 Qc7 17. Ne5 Rd8 18. Bf4 Qc8 19. Qf3 0-0 20. Bg5 Rfe8 21. Bxh7+ Kf8 22. Bc2 Bc6 23. Nxc6 Qxc6 24. Qxc6 bxc6 25. b4 Rxd1+ 26. Rxd1 Rd8 27. Rxd8+ Bxd8 28. Ba4 c5 29. bxc5 Bc7 30. f3 Nh7 31. Bh4 g5 32. Bg3 Bxg3 33. hxg3 Ke7 34. Kf2 f5 35. Ke3 Nf6 36. Kd4 Nh7 37. c6 Kd6 38. c5+ Kc7 39. Ke5 Nf8 40. Kf6 1-0

[Event "Malatya Golden Apricot op 2nd"]
[Site "Malatya"]
[Date "2014.06.15"]
[Round "1"]
[White "Zarkua, Davit"]
[Black "Deniz, Medeni"]
[Result "1-0"]
[WhiteElo "2409"]
[BlackElo "1907"]
[PlyCount "75"]
[EventDate "2014.06.15"]
[EventType "swiss"]
[EventRounds "9"]
[EventCountry "TUR"]
[SourceTitle "CBM 160 Extra"]
[Source "ChessBase"]
[SourceDate "2014.07.01"]
[SourceVersion "1"]
[SourceVersionDate "2014.07.01"]
[SourceQuality "1"]

1. Nf3 Nf6 2. b3 d5 3. Bb2 e6 4. e3 c5 5. d4 Nbd7 6. Nbd2 Bd6 7. Bd3 Qe7 8. 0-0 0-0 9. Ne5 cxd4 10. exd4 Ba3 11. Bxa3 Qxa3 12. f4 b6 13. Qe2 Bb7 14. Ndf3 Qe7 15. Nxd7 Qxd7 16. Ne5 Qd6 17. f5 Ne4 18. fxe6 f6 19. Nf3 Qxe6 20. c4 Rfe8 21. Rae1 Kh8 22. Nh4 Qf7 23. Qg4 Bc8 24. Qd1 Bb7 25. Nf5 Rad8 26. Bxe4 dxe4 27. d5 Re5 28. Qd4 Qe8 29. Ng3 e3 30. Re2 Qe7 31. Rfe1 Qa3 32. Rxe3 Qxa2 33. Rxe5 fxe5 34. Qxe5 Rf8 35. Nf5 Rg8 36. Nd6 Rf8 37. Qf5 Rxf5 38. Re8+ 1-0

[Event "TUR-ch"]
[Site "Kemer"]
[Date "2012.02.04"]
[Round "9"]
[White "Buker, Muhittin"]
[Black "Deniz, Medeni"]
[Result "1-0"]
[WhiteElo "2080"]
[BlackElo "1956"]
[PlyCount "49"]
[EventDate "2012.01.29"]
[EventType "swiss"]
[EventRounds "10"]
[EventCountry "TUR"]
[SourceTitle "CBM 146 Extra"]
[Source "ChessBase"]
[SourceDate "2012.02.29"]
[SourceVersion "1"]
[SourceVersionDate "2012.02.29"]
[SourceQuality "1"]

1. d4 d5 2. c4 c6 3. Nc3 Nf6 4. Nf3 e6 5. Bg5 Be7 6. e3 h6 7. Bh4 Nbd7 8. Qc2 0-0 9. Rd1 Re8 10. Bd3 b6 11. 0-0 Bb7 12. Ne5 Nxe5 13. dxe5 Nd7 14. Bg3 a5 15. f4 Bh4 16. cxd5 cxd5 17. Nb5 Bxg3 18. hxg3 Nc5 19. Nd6 Re7 20. Bh7+ Kh8 21. f5 Rc7 22. fxe6 Ne4 23. Bxe4 Rxc2 24. Nxf7+ Kg8 25. Nxd8 1-0